Coordinación de los Centros de Estudios Locales / por Carlos Ruiz del Castillo
Descripción Física:
8 p. ; 24 cm
MARC
| LEADER | 00000nam a2200000Ia 4500 | ||
|---|---|---|---|
| 001 | 22399 | ||
| 008 | 160829s1945 xx 000 0 cat d | ||
| 080 | |a FU-54-47 | ||
| 100 | |a Ruiz del Castillo, Carlos |9 47365 | ||
| 245 | |a Coordinación de los Centros de Estudios Locales / por Carlos Ruiz del Castillo | ||
| 260 | |a Madrid : |b Publicaciones del Instituto de Estudios de Administración Local, |c 1945 | ||
| 300 | |a 8 p. ; |c 24 cm | ||
| 590 | |a Separata de: Revista de Estudios de la Vida Local, núm. 22, (1945). | ||
| 590 | |a Prové de S-445, exp. 10 | ||
| 650 | 0 | |a Municipis |9 23660 | |
| 650 | 0 | |a Administració local |9 34286 | |
| 650 | |a Cooperativisme |9 47367 | ||
| 710 | 2 | |a Instituto de Estudios de Administración Local (Espanya) |9 54775 | |
| 856 | 4 | |u https://media.diba.cat/diba/fitxers/arxiu/fulletons/bib_22399_baixa.pdf |y Accés lliure | |
| 856 | 4 | |u https://media.diba.cat/diba/fitxers/arxiu/fulletons/bib_22399_baixa.pdf |y Accés lliure | |
| 901 | |a Arxiu | ||
| 942 | |n 1 |2 udc | ||
| 952 | |0 0 |1 0 |4 0 |6 FU5447 |7 1 |9 53839 |a Arxiu |b Arxiu |d 2016-12-01 |l 0 |o FU-54-47 |p 22399 |r 2016-12-01 00:00:00 |w 2016-12-01 |y ARXIU | ||
| 999 | |c 57705 |d 57705 | ||
| 900 | |a bib_22399_baixa.pdf | ||